[Event "NRW-Liga I 8990"]
[Site "Germany"]
[Date "1990.??.??"]
[Round "?"]
[White "Vieten, Siegbert"]
[Black "Reuther, Egon"]
[Result "1-0"]
[WhiteElo "2265"]
[BlackElo "2250"]

1.d4 d5 2.c4 c6 3.Nf3 Nf6 4.Nc3 dxc4 5.a4 Bf5 6.Ne5 e6 7.f3 Bb4 8.e4 Bxe4
9.fxe4 Nxe4 10.Qf3 Qxd4 11.Qxf7+ Kd8 12.Bg5+ Nxg5 13.Qxg7 Qe3+ 14.Kd1 Rf8
15.Nxc4 Qc5 16.Qxb7 Rf2 17.Kc1 Bxc3 18.bxc3 Ne4 19.Qg7 Nd7 20.Bd3 Qg5+ 21.Qxg5+ Nxg5
22.h4 Nc5 23.Rd1 Kc7 24.hxg5 Nb3+ 25.Kb1 Rb8 26.Ra3 Rxg2 27.Nb2 Rxg5 28.Bxh7 Rg2
29.Bc2 Nc5 30.Kc1 Rh8 31.Nc4 Rhh2 32.Rd2 Rg1+ 33.Kb2 Rh4 34.Ne5 Rgh1 35.Nd3 Ne4
36.Re2 Nd6 37.Ne5 R4h2 38.Rxh2 Rxh2 39.Ra1 Re2 40.Nd3 e5 41.Re1 Nc4+ 42.Kc1 Rxe1+
43.Nxe1 Kb6 44.Bb3 Nd6 45.Kb2 c5 46.Ng2 c4 47.Bc2 Kc5 48.Ne3 Nc8 49.Bd1 Nb6
50.Ka3 a5 51.Kb2 Nc8 52.Kc2 Nb6 53.Kd2 Nc8 54.Ke2 Nb6 55.Kf3 Nc8 56.Ke4 Nb6
57.Kxe5 Nd7+ 58.Ke4 Nb6 59.Kf4 Nd7 60.Bh5  1-0

[Event "BL2-S8990"]
[Site "Germany"]
[Date "1990.??.??"]
[Round "?"]
[White "Haag, Wolfgang"]
[Black "Finkenzeller, Arnold"]
[Result "1-0"]
[WhiteElo "2275"]
[BlackElo "2270"]

1.d4 Nf6 2.c4 c6 3.Nc3 d5 4.Nf3 dxc4 5.a4 Bf5 6.Nh4 Bc8 7.e3 e6 8.Bxc4 c5
9.Nf3 Nc6 10.O-O cxd4 11.exd4 Be7 12.d5 exd5 13.Nxd5 Nxd5 14.Bxd5 O-O 15.Qb3 Nb4
16.Bc4 Bg4 17.Ne5 Bh5 18.Qh3 Bg6 19.Nxg6 hxg6 20.Qb3 Rc8 21.Be3 Qa5 22.Rad1 a6
23.Rd7 b5 24.Bxf7+ Rxf7 25.Rxe7 Rc4 26.Re8+ Kh7  1-0

[Event "SWE-ch"]
[Site "Gothenburg"]
[Date "1990.??.??"]
[Round "?"]
[White "Wessman, Richard"]
[Black "Engqvist, Thomas"]
[Result "1/2-1/2"]
[WhiteElo "2505"]
[BlackElo "2335"]

1.d4 d5 2.c4 c6 3.Nf3 Nf6 4.Nc3 dxc4 5.a4 Bf5 6.Ne5 Nbd7 7.Nxc4 Qc7 8.g3 e5
9.Bg2 Be6 10.dxe5 Nxe5 11.Nxe5 Qxe5 12.Bf4 Qa5 13.O-O Rd8 14.Qc2 Be7 15.h3 O-O
16.e4 Qh5 17.g4 Qa5 18.Be3 Nd7 19.Ne2 Nc5 20.Nd4 Qb4 21.Nxe6 Nxe6 22.Rad1  1/2-1/2

[Event "SWE-ch"]
[Site "Gothenburg"]
[Date "1990.??.??"]
[Round "?"]
[White "Astrom, Robert"]
[Black "Wessman, Richard"]
[Result "1/2-1/2"]
[WhiteElo "2315"]
[BlackElo "2505"]

1.d4 d5 2.c4 c6 3.Nf3 Nf6 4.Nc3 dxc4 5.a4 Bf5 6.e3 e6 7.Bxc4 Bb4 8.O-O O-O
9.Nh4 Nbd7 10.Nxf5 exf5 11.Qf3 g6 12.Rd1 Nb6 13.Bf1 Nbd5 14.Bd2 Qa5 15.Nxd5 Nxd5
16.Bxb4 Qxb4 17.a5 a6 18.Qe2 Rfe8 19.Qc4 Qd6 20.g3 Rad8 21.Ra3 h5 22.Rb3 Re7
23.Bg2 Qe6 24.h4 Qf6  1/2-1/2

[Event "Groningen op"]
[Site "Groningen"]
[Date "1990.??.??"]
[Round "2"]
[White "Malaniuk, Vladimir P"]
[Black "Finegold, Gina L"]
[Result "1-0"]
[WhiteElo "2480"]
[BlackElo "2095"]

1.d4 d5 2.c4 c6 3.Nc3 Nf6 4.Nf3 dxc4 5.a4 Bf5 6.Ne5 e6 7.f3 Bb4 8.e4 Bxe4
9.fxe4 Nxe4 10.Bd2 Qxd4 11.Nxe4 Qxe4+ 12.Qe2 Bxd2+ 13.Kxd2 Qd5+ 14.Kc2 Na6
15.Nxc4 O-O-O 16.Qe5 f6 17.Qxd5 Rxd5 18.Be2 Rhd8 19.Ra3 Nb4+ 20.Kb1 Rd4 21.Rc1 e5
22.Rh3 R8d7 23.Rxh7 Kc7 24.g3 e4 25.Bg4 Re7 26.Ne3 Rf7 27.Be6  1-0

[Event "Hamburg IMT"]
[Site "Hamburg"]
[Date "1990.??.??"]
[Round "9"]
[White "Zsinka, Laszlo"]
[Black "Hermann, Manfred"]
[Result "0-1"]
[WhiteElo "2370"]
[BlackElo "2370"]

1.d4 d5 2.c4 c6 3.Nf3 Nf6 4.Nc3 dxc4 5.a4 Bf5 6.e3 e6 7.Bxc4 Bb4 8.O-O O-O
9.Qe2 Nbd7 10.Ne5 c5 11.e4 Bg6 12.Nxg6 hxg6 13.e5 cxd4 14.Na2 d3 15.Bxd3 Nd5
16.Nxb4 Nxb4 17.Bb1 Qc7 18.Bf4 Rac8 19.Ra3 Qc4 20.Qd2 Nd5 21.Bg3 Nc5 22.Ba2 Qb4
23.Qe2 Rfd8 24.h3 Qe4 25.Qb5 a6 26.Qa5 Qd4 27.Bxd5 Rxd5 28.Qc3 Rcd8 29.Rc1 Qxc3
30.Rcxc3 g5 31.b4 Rd1+ 32.Kh2 Ne4 33.Re3 Nd2 34.h4 g4 35.Bf4 Nf1+  0-1

[Event "Katowice op"]
[Site "Katowice"]
[Date "1990.??.??"]
[Round "4"]
[White "Belov, Igor"]
[Black "Kaczorowski, Piotr"]
[Result "1-0"]
[WhiteElo "2430"]
[BlackElo "2205"]

1.Nf3 d5 2.d4 Nf6 3.c4 c6 4.Nc3 dxc4 5.a4 Bf5 6.e3 e6 7.Bxc4 Bb4 8.O-O O-O
9.Qe2 Nbd7 10.e4 Bg6 11.Bd3 Re8 12.Bf4 Bh5 13.e5 Nd5 14.Nxd5 cxd5 15.Rfc1 a6
16.h3 Nb8 17.g4 Bg6 18.h4 Be7 19.h5 Bxd3 20.Qxd3 Nc6 21.Kg2 Rc8 22.h6 g6
23.Qe3 Qb6 24.b3 Na5 25.Bg5 Bf8 26.Rab1 Ba3 27.Rxc8 Rxc8 28.b4 Bxb4 29.Qf4 f5
30.exf6 Rf8 31.Ne5 Rf7 32.Nxf7 Kxf7 33.Rxb4 Qxb4 34.Qc7+ Kf8 35.Qg7+  1-0

[Event "JUG-sf"]
[Site "Kladovo"]
[Date "1990.??.??"]
[Round "12"]
[White "Ilic, Dragan"]
[Black "Lalic, Dragan"]
[Result "1/2-1/2"]
[WhiteElo "2420"]
[BlackElo "2345"]

1.d4 d5 2.c4 c6 3.Nc3 Nf6 4.Nf3 dxc4 5.a4 Bf5 6.e3 e6 7.Bxc4 Bb4 8.O-O Nbd7
9.Nh4 Bg6 10.Qb3 Qb6 11.Na2 Be7 12.a5 Qxb3 13.Bxb3 Bd3 14.Rd1 Ba6 15.Nc3 Nd5
16.Nf3 O-O-O 17.e4 Nxc3 18.bxc3 Be2 19.Re1 Bxf3 20.gxf3 a6 21.e5 g5 22.Kf1 Nf8
23.Be3 Ng6 24.Ke2 Rhg8 25.Bc2 h6 26.Be4 Nf4+ 27.Bxf4 gxf4 28.Rg1 f6 29.exf6 Bxf6
30.Rad1 Rg5 31.Rg4 Rxa5 32.Rg6 Bg5 33.Rxe6 Ra2+ 34.Kd3 Rxf2 35.h4 Bxh4 36.Rxh6 Be7
37.Rh7 Bd6 38.Rb1 Bc7 39.Bf5+ Kb8 40.Be4 Kc8  1/2-1/2

[Event "POL-ch Girls U20"]
[Site "Konin"]
[Date "1990.??.??"]
[Round "1"]
[White "Henc, Renata"]
[Black "Byczynska, Joanna"]
[Result "1-0"]
[WhiteElo "1900"]
[BlackElo "2080"]

1.d4 d5 2.Nf3 Nf6 3.c4 dxc4 4.Nc3 c6 5.a4 Bf5 6.Ne5 e6 7.Bg5 Bb4 8.Nxc4 h6
9.Bh4 Nbd7 10.e3 O-O 11.Qb3 a5 12.Be2 Qe8 13.O-O Bh7 14.Na2 Nd5 15.Nxb4 Nxb4
16.Nd6 Qb8 17.Be7 Bc2 18.Qa3 Qc7 19.Bxf8 Rxf8 20.Nc4 Bg6 21.Rac1 e5 22.dxe5 Nxe5
23.Rfd1 Bf5 24.Nxe5 Qxe5 25.Qc3 Qc7 26.Qc5 Be6 27.Bf3 Bb3 28.Rd2 Bxa4 29.Ra1 Bb5
30.Rad1 b6 31.Qf5 c5 32.Be4 g6 33.Qf6 Ba4 34.Rb1 Re8 35.Bd5 Bc6 36.Qxg6+ Kf8
37.Qxh6+ Ke7 38.Bxf7  1-0

[Event "Kuopio Club-ch"]
[Site "Kuopio"]
[Date "1990.??.??"]
[Round "?"]
[White "Raisa, Unto"]
[Black "Tikkanen, Kari"]
[Result "0-1"]
[WhiteElo "2270"]
[BlackElo "2245"]

1.d4 d5 2.c4 c6 3.Nf3 Nf6 4.Nc3 dxc4 5.a4 Bf5 6.e3 e6 7.Bxc4 Bb4 8.O-O O-O
9.Ne5 Nbd7 10.Nxd7 Qxd7 11.f3 Rfd8 12.Qe2 c5 13.dxc5 Bd3 14.Bxd3 Qxd3 15.Qxd3 Rxd3
16.e4 Bxc5+ 17.Kh1 Bb4 18.Ne2 Rc8 19.Bg5 Rc2 20.Nc1 Rd7 21.Rb1 h6 22.Be3 Bc5
23.Bxc5 Rxc5 24.Nb3 Rc2 25.Rfc1 Rdc7 26.Kg1 Kf8 27.Kf1 Nh5 28.Rxc2 Rxc2 29.Na1 Rd2
30.Nb3 Rc2 31.Na1 Rc4 32.b3 Rc3 33.Kf2 Nf4 34.a5 Nd3+ 35.Ke2 Nb4 36.Rd1 e5
37.Rd7 Rc1 38.Rd1 Rc7 39.Kd2 a6 40.Rb1 Rc5 41.Rb2 Rxa5 42.Nc2 Nc6 43.Ne3 Nd4
44.b4 Ra1 45.Nc4 f6 46.Nd6 b5 47.Nb7 Ke7 48.Nc5 Kd6 49.h3 Kc6 50.Nd3 Ra3
51.Nc5 a5 52.Nd3 a4 53.Nc1 Ra1 54.Ne2 Kd6 55.Nxd4 exd4 56.Kd3 Rd1+ 57.Ke2 Rc1
58.Kd3 Rc4 59.f4 g5 60.g3 Rc3+ 61.Kxd4 Rxg3 62.e5+ fxe5+ 63.fxe5+ Ke6 64.Rc2 Rxh3
65.Rc6+ Kd7 66.Rd6+ Ke7 67.Kc5 Re3 68.Kd4 Rb3 69.Kc5 h5 70.Rh6 a3 71.Rxh5 a2
72.Rh7+ Ke6 73.Ra7 Rb2 74.Kxb5 Kxe5 75.Kc5 Rc2+ 76.Kb6 g4 77.b5 Kf4 78.Kb7 g3
79.b6 g2 80.Ka8 g1=Q 81.Ra4+ Ke5 82.b7 Rb2 83.Ra5+ Kd6  0-1

[Event "Mitropa-Cup"]
[Site "Leibnitz"]
[Date "1990.??.??"]
[Round "5"]
[White "Zueger, Beat"]
[Black "Hertneck, Gerald"]
[Result "1/2-1/2"]
[WhiteElo "2425"]
[BlackElo "2520"]

1.d4 d5 2.c4 c6 3.Nf3 Nf6 4.Nc3 dxc4 5.a4 Bf5 6.Ne5 e6 7.f3 Bb4 8.e4 Bxe4
9.fxe4 Nxe4 10.Bd2 Qxd4 11.Nxe4 Qxe4+ 12.Qe2 Bxd2+ 13.Kxd2 Qd5+ 14.Kc2 Na6
15.Nxc4 Ke7 16.Qe5 Rhd8 17.Be2 Nb4+ 18.Kb3 Qxe5 19.Nxe5 Rd2 20.Bf3 Nd5 21.Rad1 Rxd1
22.Rxd1 Rc8 23.h4 Rc7 24.g4 h6 25.Rg1 Rc8 26.Rf1 f6 27.Ng6+ Kd6 28.Rd1 Rc7
29.h5 Rc8 30.Nf4 Rc7 31.Ng6 Rc8 32.Nf4 Rc7  1/2-1/2

[Event "Lyon zt"]
[Site "Lyon"]
[Date "1990.??.??"]
[Round "9"]
[White "Miralles, Gilles"]
[Black "Brenninkmeijer, Joris"]
[Result "1/2-1/2"]
[WhiteElo "2460"]
[BlackElo "2475"]

1.d4 d5 2.c4 c6 3.Nc3 Nf6 4.Nf3 dxc4 5.a4 Bf5 6.e3 e6 7.Bxc4 Bb4 8.O-O Nbd7
9.Qe2 O-O 10.Ne5 h6 11.Nd3 Be7 12.Rd1 Bh7 13.Ba2 Nb6 14.f3 Bxd3 15.Qxd3 c5
16.a5 cxd4 17.Qc2 Nbd5 18.Nxd5 Nxd5 19.Bb1 g6 20.e4 Nb4 21.Qb3 Kh7 22.Ra4 Na6
23.Rc4 Rc8 24.Rxc8 Qxc8 25.f4 Rd8 26.f5 d3 27.fxg6+ fxg6 28.Bxd3 Nc5 29.Qc3 Nxd3
30.Rxd3 Qc5+  1/2-1/2

[Event "Marseille"]
[Site "Marseille"]
[Date "1990.??.??"]
[Round "5"]
[White "Norwood, David"]
[Black "Velikov, Petar"]
[Result "1-0"]
[WhiteElo "2515"]
[BlackElo "2495"]

1.d4 d5 2.c4 dxc4 3.Nc3 Nf6 4.Nf3 c6 5.a4 Bf5 6.Ne5 Nfd7 7.Nxc4 Nb6 8.Ne5 e6
9.f3 N6d7 10.e4 Bg6 11.Nc4 Nb6 12.Qb3 Nxc4 13.Bxc4 Qb6 14.Be3 Qxb3 15.Bxb3 a5
16.g4 h6 17.h4 Bb4 18.Kf2 h5 19.g5 Nd7 20.Ne2 Ke7 21.Nf4 e5 22.Nd3 Bd6 23.Rad1 Rhd8
24.Ke2 exd4 25.Bxd4 Kf8 26.Be3 f6 27.gxf6 gxf6  1-0

[Event "Moscow op"]
[Site "Moscow"]
[Date "1990.??.??"]
[Round "?"]
[White "Novikov, Igor A"]
[Black "Simonov, Viktor"]
[Result "1-0"]
[WhiteElo "2575"]
[BlackElo "2320"]

1.d4 d5 2.c4 c6 3.Nf3 Nf6 4.Nc3 dxc4 5.a4 Bf5 6.Ne5 e6 7.f3 Bb4 8.e4 Bxe4
9.fxe4 Nxe4 10.Bd2 Qxd4 11.Nxe4 Bxd2+ 12.Nxd2 Qxe5+ 13.Be2 b5 14.axb5 cxb5
15.Ra5 Qxb2 16.Bf3 c3 17.O-O cxd2 18.Bxa8 O-O 19.Qa1 Qb4 20.Rxa7 Nc6 21.Bxc6 Qc5+
22.Kh1 Qxc6 23.Rd1  1-0

[Event "Novi Sad ol (Men)"]
[Site "Novi Sad"]
[Date "1990.??.??"]
[Round "2"]
[White "Steingrimsson, Hedinn"]
[Black "Perchman, Daniel"]
[Result "1-0"]
[WhiteElo "2405"]
[BlackElo "2210"]

1.d4 d5 2.c4 c6 3.Nc3 Nf6 4.Nf3 dxc4 5.a4 Bf5 6.e3 e6 7.Bxc4 Bb4 8.O-O Nbd7
9.Nh4 Bg4 10.f3 Bh5 11.g4 Nd5 12.Ng2 Bg6 13.Qb3 Qb6 14.Ne2 a5 15.e4 Ne7 16.Be3 Qd8
17.Ng3 h5 18.g5 Qc7 19.Nh4 O-O-O 20.f4 Bh7 21.Rf2 Nb6 22.Bf1 Ng6 23.Nf3 h4
24.Nh1 Ne7 25.Ne5 Rdf8 26.Nxf7 Rhg8 27.Qxe6+ Qd7 28.d5 cxd5 29.Qxb6 Rxf7
30.Rc2+ Nc6 31.Rac1 Qg4+ 32.Bg2 Rc7 33.Nf2 Qh5 34.Rxc6 bxc6 35.Bh3+  1-0

[Event "Novi Sad ol (Men)"]
[Site "Novi Sad"]
[Date "1990.??.??"]
[Round "9"]
[White "Barus, Cerdas"]
[Black "Soylu, Suat"]
[Result "1/2-1/2"]
[WhiteElo "2335"]
[BlackElo "2320"]

1.d4 d5 2.c4 c6 3.Nc3 Nf6 4.Nf3 dxc4 5.a4 Bf5 6.e3 e6 7.Bxc4 Bb4 8.O-O O-O
9.Nh4 Nbd7 10.Nxf5 exf5 11.Qf3 g6 12.g3 Qa5 13.Bd2 Ne4 14.Nxe4 fxe4 15.Bxb4 Qxb4
16.Qe2 a5 17.Qc2 Qe7 18.Rfc1 Nf6 19.Qe2 h5 20.Rab1 h4 21.g4 Nh7 22.h3 Ng5
23.Kg2 Kh7 24.b4 axb4 25.Qb2 Rxa4 26.Bb3 Ra3 27.Bd1 Qf6 28.Qxb4 Ra2 29.Rb2 Rxb2
30.Qxb2 Ra8 31.Rc2 b5 32.Qc3 Ra6 33.d5 Qxc3 34.Rxc3 cxd5 35.Rc5 Rd6 36.Bb3 Kh6
37.Bxd5 Rb6 38.Bb3 b4 39.Rc1 f5 40.Rc8 Nf3 41.Rd8 Kg5 42.Rd7 Ne5 43.Rd5 Nd3
44.f4+ Kf6 45.Rd7 g5 46.Rf7+ Kg6 47.Rxf5 gxf4 48.exf4  1/2-1/2

[Event "Novi Sad ol (Men)"]
[Site "Novi Sad"]
[Date "1990.??.??"]
[Round "11"]
[White "Cramling, Pia"]
[Black "Gomez Baillo, Jorge H"]
[Result "1/2-1/2"]
[WhiteElo "2505"]
[BlackElo "2435"]

1.d4 d5 2.c4 c6 3.Nf3 Nf6 4.Nc3 dxc4 5.a4 Bf5 6.Ne5 e6 7.g3 Nbd7 8.Nxc4 Bb4
9.Bg2 Be4 10.Bxe4 Nxe4 11.O-O Nef6 12.Qb3 a5 13.Na2 Be7 14.Qxb7 c5 15.dxc5 O-O
16.Nc3 Nxc5 17.Qf3 Nb3 18.Rb1 Qd4 19.Qf4 Nd5 20.Qxd4 Nxd4 21.Re1 Bb4 22.Bd2 Rfd8
23.Na2 Nb3 24.Nxb4 axb4 25.Red1 Rdc8 26.Ne5 Rc2 27.Nf3 Nxd2 28.Nxd2 Rxa4
29.Rdc1 Rxc1+ 30.Rxc1 h6 31.e4 Nf6 32.Rc8+ Kh7 33.Rb8 Ra1+ 34.Kg2 Rd1 35.Nf3 Nxe4
36.Rxb4 f5 37.Rb3 Nd6 38.Rb4  1/2-1/2

[Event "Prague Metro-B"]
[Site "Prague"]
[Date "1990.??.??"]
[Round "2"]
[White "Lanzendoerfer, Johannes"]
[Black "Haba, Petr"]
[Result "0-1"]
[WhiteElo "2245"]
[BlackElo "2435"]

1.d4 d5 2.Nf3 Nf6 3.c4 c6 4.Nc3 dxc4 5.a4 Bf5 6.e3 e6 7.Bxc4 Bb4 8.O-O O-O
9.Qe2 Nbd7 10.Ne5 h6 11.Nd3 Be7 12.Rd1 Bh7 13.a5 b5 14.axb6 axb6 15.Rxa8 Qxa8
16.Bd2 Rc8 17.Be1 Qb8 18.Na2 b5 19.Bb3 e5 20.Nxe5 Nxe5 21.dxe5 Qxe5 22.Bc3 Qg5
23.Bxf6 Qxf6 24.Rd4 Qe5 25.Qg4 Bf5 26.Qh5 g6 27.Qf3 c5 28.Rd2 c4 29.Bd1 b4
30.Rd4 Qa5 31.g4 Be6 32.Nc1 Qa1 33.Qb7 Bf6  0-1

[Event "Prague T7"]
[Site "Prague"]
[Date "1990.??.??"]
[Round "4"]
[White "Orsag, Milan"]
[Black "Pergericht, Daniel"]
[Result "1-0"]
[WhiteElo "2315"]
[BlackElo "2280"]

1.d4 d5 2.Nf3 Nf6 3.c4 c6 4.Nc3 dxc4 5.a4 Bf5 6.Nh4 Bc8 7.e3 e6 8.Bxc4 Be7
9.O-O O-O 10.Qe2 c5 11.Rd1 cxd4 12.Rxd4 Bd7 13.Nf3 Nc6 14.Rd1 Qc8 15.Bd2 Rd8
16.Rac1 Be8 17.e4 Nd4 18.Nxd4 Rxd4 19.Bd3 Bc6 20.Be3 Rd7 21.f3 Qf8 22.Bb5 Bxb5
23.Qxb5 a6 24.Qb6 Rxd1+ 25.Nxd1 Qb8 26.a5 Bd8 27.Qc5 Nd7 28.Qd4 Nf6 29.Qc3 h6
30.Nf2 b5 31.b4 Be7 32.Nd3 Bd6 33.h3 Nd7 34.Bd4 Qf8 35.Qc6 Rd8 36.Qxa6 Bxb4
37.Qxb5 Ba3 38.Rd1 Qd6 39.Nf2 Qc7 40.Bb6 Nxb6 41.Rxd8+ Qxd8 42.axb6 Qd4 43.b7 Qa1+
44.Kh2 Bd6+ 45.g3 Qa7 46.Kg2 g5 47.e5 Bb8 48.f4 Kg7 49.Qb3 Qc5 50.Qf3 Ba7
51.fxg5 hxg5 52.Qf6+ Kg8 53.Qxg5+ Kh7 54.Qf4 Kg7 55.h4 Qd5+ 56.Qe4 Qd2 57.Qf3 Qb2
58.Qf6+ Kg8 59.Qg5+ Kh7 60.Qh5+ Kg7 61.Qf3 Qxe5 62.Nd3 Qd4 63.Kh3 Qc3 64.Qg4+ Kh7
65.Qh5+ Kg8 66.Qg4+ Kh7 67.Qh5+ Kg8 68.Ne5 Qc7 69.Qg5+ Kf8 70.Qh6+ Kg8 71.Ng4 Bd4
72.Qf4  1-0

[Event "Prague Metro-B"]
[Site "Prague"]
[Date "1990.??.??"]
[Round "6"]
[White "Rasmussen, Lars Bo"]
[Black "Haba, Petr"]
[Result "0-1"]
[WhiteElo "2240"]
[BlackElo "2435"]

1.d4 d5 2.c4 c6 3.Nf3 Nf6 4.Nc3 dxc4 5.a4 Bf5 6.e3 e6 7.Bxc4 Bb4 8.O-O O-O
9.Qe2 Nbd7 10.e4 Bg6 11.Bd3 Bh5 12.e5 Nd5 13.Qc2 Bxf3 14.gxf3 Qh4 15.Nxd5 cxd5
16.Kh1 Rac8 17.Qd1 f5 18.f4 Nb8 19.Be3 Nc6 20.Rg1 Ba5 21.Rc1 a6 22.Qb3 Qe7
23.Rc5 Rc7 24.Be2 Rfc8 25.Rd1 g6 26.Bf3 Kg7 27.Be2 Kh6 28.Bf1 Qf8 29.Qd3 Bb6
30.Rc3 Nb4 31.Qb1 Qe8 32.Rxc7 Rxc7 33.b3 Qe7 34.Rd2 Nc6 35.Qb2 Qb4 36.Kg2 Na5
37.Rd3 Nc6 38.Rd2 Kg7 39.Rd1 Kf7 40.Rd2 Ke8 41.Rd3 Kd7 42.Rd1 Kc8 43.Rd2 Kb8
44.Rd3 Qe7 45.Rd1 Qh4 46.b4 Qg4+  0-1

[Event "Pula op"]
[Site "Pula"]
[Date "1990.??.??"]
[Round "1"]
[White "Giorgadze, Giorgi"]
[Black "Poleksic, Miodrag"]
[Result "1-0"]
[WhiteElo "2485"]
[BlackElo "2230"]

1.d4 d5 2.c4 c6 3.Nc3 Nf6 4.Nf3 dxc4 5.a4 Bf5 6.e3 e6 7.a5 Bb4 8.Qa4 Qe7
9.Bxc4 Nbd7 10.O-O O-O 11.Be2 a6 12.Bd2 Rfc8 13.Rfc1 Bd6 14.Nh4 Bg4 15.f3 Bh5
16.e4 Nd5 17.g3 Nf4 18.Bf1 Ng6 19.Nxg6 Bxg6 20.f4 c5 21.e5 Bc7 22.d5 exd5
23.Nxd5 Qe8 24.Bh3 f5 25.exf6  1-0

[Event "Pula op"]
[Site "Pula"]
[Date "1990.??.??"]
[Round "3"]
[White "Giorgadze, Giorgi"]
[Black "Blagojevic, Dragisa"]
[Result "1-0"]
[WhiteElo "2485"]
[BlackElo "2395"]

1.d4 d5 2.c4 c6 3.Nc3 Nf6 4.Nf3 dxc4 5.a4 Bf5 6.e3 e6 7.a5 Nbd7 8.Bxc4 b5
9.axb6 axb6 10.Rxa8 Qxa8 11.O-O b5 12.Bb3 Be7 13.Nh4 Bg4 14.f3 Bh5 15.g4 Nd5
16.Nxd5 cxd5 17.Nf5 exf5 18.gxh5 Qb7 19.Qc2 g6 20.e4 dxe4 21.fxe4 Qxe4 22.Bxf7+ Kd8
23.Qxe4 fxe4 24.Bh6 Kc7 25.Rc1+ Kb6 26.Bd5 Re8 27.Rc6+ Ka5 28.Re6 Nf6 29.Bd2+ Bb4
30.Bxb4+ Kxb4 31.Rxf6 Rd8 32.Bxe4 Rxd4 33.Bxg6 hxg6 34.hxg6 Kb3 35.Rf3+  1-0

[Event "Reykjavik op"]
[Site "Reykjavik"]
[Date "1990.??.??"]
[Round "1"]
[White "Levitt, Jonathan"]
[Black "Halldorsson, B."]
[Result "1-0"]
[WhiteElo "2465"]
[BlackElo "2215"]

1.d4 d5 2.Nf3 Nf6 3.c4 c6 4.Nc3 dxc4 5.a4 Bf5 6.Ne5 e6 7.f3 Bb4 8.e4 Bxe4
9.fxe4 Nxe4 10.Bd2 Qxd4 11.Nxe4 Qxe4+ 12.Qe2 Bxd2+ 13.Kxd2 Qd4+ 14.Kc2 Na6
15.Nxc4 Nb4+ 16.Kb3 Nd5 17.Qe5 Qxe5 18.Nxe5 f6 19.Nc4 O-O-O 20.g3 Kc7 21.Bh3 Rhe8
22.Rhe1 e5 23.Bg2 Ne7 24.Rad1 Nf5 25.Rxd8 Rxd8 26.Kc3 Nd4 27.b3 b6 28.Na3 a5
29.Nc2 Ne6 30.Bf1 Nc5 31.Bc4 Rb8 32.Rd1 f5 33.Ne3 g6 34.Kc2 Rf8 35.Rf1 h5
36.Be2 Ne6 37.Bd1 b5 38.Kc3 Nd4 39.Nc2 Ne6 40.Be2 Kb6 41.axb5 cxb5 42.Rd1 Rc8+
43.Kb2 h4 44.gxh4 Nf4 45.Bf1 Rh8 46.Rd6+ Kc7 47.Rd2 b4 48.Ne3 Rxh4 49.Nc4 e4
50.Nxa5 Ne6 51.Nc4 f4 52.Ne5 e3 53.Rd7+ Kb8 54.Nf3 Rh5 55.h4 Rc5 56.Rd6 Nc7
57.Bc4 e2 58.Bxe2 Nd5 59.Bc4 Ne3 60.Rd4 Kc7 61.Rxf4  1-0

[Event "Reykjavik op"]
[Site "Reykjavik"]
[Date "1990.??.??"]
[Round "4"]
[White "Razuvaev, Yuri S"]
[Black "Levitt, Jonathan"]
[Result "1-0"]
[WhiteElo "2545"]
[BlackElo "2465"]

1.d4 d5 2.c4 c6 3.Nc3 Nf6 4.Nf3 dxc4 5.a4 Bf5 6.e3 e6 7.Bxc4 Bb4 8.O-O Nbd7
9.Qe2 Bg6 10.e4 Bxc3 11.bxc3 Nxe4 12.Ba3 Qc7 13.Nd2 Nxd2 14.Qxd2 O-O-O 15.Be7 Rde8
16.Bh4 f6 17.a5 Rhf8 18.Bg3 e5 19.f4 Qd6 20.fxe5 fxe5 21.Rxf8 Qxf8 22.a6 b6
23.Rd1 Qd6 24.Be2 h5 25.Bf3 Kc7 26.h4 Bf7 27.Kh2 g6 28.c4 Kc8 29.Qc2 Qf6
30.c5 b5 31.d5 Bxd5 32.Bxd5 cxd5 33.Rxd5 Re6 34.Qd3 Nb8 35.Qxb5 Rxa6 36.Rxe5  1-0

[Event "Volmac KO m1"]
[Site "Rotterdam"]
[Date "1990.??.??"]
[Round "?"]
[White "Pliester, Leon"]
[Black "Cuijpers, Frans Andre"]
[Result "0-1"]
[WhiteElo "2390"]
[BlackElo "2400"]

1.d4 Nf6 2.c4 c6 3.Nc3 d5 4.Nf3 dxc4 5.a4 Bf5 6.Ne5 e6 7.f3 Bb4 8.e4 Bxe4
9.fxe4 Nxe4 10.Bd2 Qxd4 11.Nxe4 Qxe4+ 12.Qe2 Bxd2+ 13.Kxd2 Qd5+ 14.Kc2 Na6
15.Nxc4 O-O-O 16.Qe5 f6 17.Qxd5 cxd5 18.Nd2 Nb4+ 19.Kb3 a5 20.Rc1+ Kb8 21.Bb5 e5
22.Rhe1 e4 23.Nf1 f5 24.Ne3 f4 25.Nf5 g5 26.Nd4 h6 27.h4 Rd6 28.Rf1 Rf8 29.hxg5 hxg5
30.Be2 Rh6 31.Bg4 Rh2 32.g3 f3 33.Ne6 Rf6 34.Nd4 Nc6 35.Rcd1 Rg2 36.Nf5 Ne5
37.Bh3 Rh2 38.Rxd5 Nd3 39.Bg4 Rxb2+ 40.Kc3 Rc6+ 41.Kd4 Rb4+ 42.Ke3 Rxa4  0-1

[Event "ARG-ch"]
[Site "San Luis"]
[Date "1990.??.??"]
[Round "13"]
[White "Boissonet, Carlos P"]
[Black "Gomez Baillo, Jorge H"]
[Result "1/2-1/2"]
[WhiteElo "2405"]
[BlackElo "2430"]

1.d4 d5 2.c4 c6 3.Nf3 Nf6 4.Nc3 dxc4 5.a4 Bf5 6.e3 e6 7.Bxc4 Bb4 8.O-O Nbd7
9.Qe2 O-O 10.Ne5 Rc8 11.Nd3 Be7 12.e4 Bg6 13.a5 c5 14.d5 exd5 15.Nxd5 Nxd5
16.Bxd5 b5 17.axb6 Nxb6 18.Ne5 Nxd5 19.exd5 Bf6 20.Nxg6 hxg6 21.Rd1 Bd4 22.Qc4 Rb8
23.Rxa7 Rb4 24.Qc2 Qxd5 25.Be3 Rfb8 26.Bxd4 cxd4 27.Rd2 Rb3 28.h3 d3 29.Qc7 Re8
30.Qd7 Rd8 31.Qxd5 Rxd5 32.Ra3 Rb7  1/2-1/2

[Event "Hungaroil"]
[Site "Siofok"]
[Date "1990.??.??"]
[Round "1"]
[White "Gurevich, Vladimir"]
[Black "Frolov, Artur"]
[Result "1/2-1/2"]
[WhiteElo "2450"]
[BlackElo "2485"]

1.d4 d5 2.c4 c6 3.Nc3 Nf6 4.Nf3 dxc4 5.a4 Bf5 6.e3 e6 7.Bxc4 Bb4 8.O-O O-O
9.Qe2 Nbd7 10.e4 Bg4 11.h3 Bxf3 12.Qxf3 e5 13.Be3 Qe7 14.Rad1 exd4 15.Bxd4 Ne5
16.Bxe5 Qxe5 17.Rfe1 Bxc3 18.bxc3 Rad8  1/2-1/2

[Event "Hungaroil"]
[Site "Siofok"]
[Date "1990.??.??"]
[Round "5"]
[White "Petran, Pal"]
[Black "Horvath, Csaba"]
[Result "1/2-1/2"]
[WhiteElo "2410"]
[BlackElo "2480"]

1.d4 d5 2.c4 c6 3.Nc3 Nf6 4.Nf3 dxc4 5.a4 Bf5 6.e3 e6 7.Bxc4 Bb4 8.O-O O-O
9.Qe2 Nbd7 10.e4 Bg6 11.Bd3 Re8 12.Bf4 Bh5 13.e5 Nd5 14.Nxd5 cxd5 15.h3 a6  1/2-1/2

[Event "BUL-FRA m"]
[Site "Sofia"]
[Date "1990.??.??"]
[Round "11"]
[White "Chabanon, Jean Luc"]
[Black "Kirov, Nino"]
[Result "1/2-1/2"]
[WhiteElo "2390"]
[BlackElo "2445"]

1.d4 d5 2.c4 c6 3.Nf3 Nf6 4.Nc3 dxc4 5.a4 Bf5 6.Ne5 Nbd7 7.Nxc4 Nb6 8.Ne5 e6
9.f3 Bb4 10.e4 Bxe4 11.fxe4 Nxe4 12.Qd3 Nd5 13.Bd2 Nxd2 14.Qxd2 O-O 15.Be2 c5
16.O-O Rc8  1/2-1/2

[Event "St Ingbert op"]
[Site "St Ingbert"]
[Date "1990.??.??"]
[Round "8"]
[White "Legky, Nikolay A"]
[Black "Molnar, Bela"]
[Result "1-0"]
[WhiteElo "2455"]
[BlackElo "2215"]

1.d4 d5 2.c4 c6 3.Nc3 Nf6 4.Nf3 dxc4 5.a4 Bf5 6.Nh4 Bd7 7.e4 e6 8.g3 Bb4
9.Bg5 Qa5 10.Bd2 c5 11.d5 exd5 12.exd5 O-O 13.f3 Bc8 14.Bxc4 Nbd7 15.O-O Nb6
16.Qb3 Nxc4 17.Qxc4 b6 18.Rfd1 Qa6 19.Nb5 Bxd2 20.Rxd2 Bd7 21.Rad1 Rad8 22.g4 Ne8
23.Nf5 Bxf5 24.gxf5 Qb7 25.Qf4 a6 26.Nc3 Nd6 27.f6 g6 28.Ne4 Qb8 29.Kg2 Rfe8
30.Ng3 Nf5 31.Qxb8 Ne3+ 32.Kg1 Rxb8 33.Rc1 a5 34.Kf2 Rbd8 35.d6 Re6 36.Ne4 Ng4+
37.fxg4 Rxe4 38.g5 Kf8 39.Kf3 Re5 40.d7 Rxg5 41.Rd6 Re5 42.Rcd1 Re6 43.Rxe6 fxe6
44.Ke4  1-0

[Event "Stockholm"]
[Site "Stockholm"]
[Date "1990.??.??"]
[Round "?"]
[White "Fedorowicz, John P"]
[Black "Wessman, Richard"]
[Result "1/2-1/2"]
[WhiteElo "2565"]
[BlackElo "2500"]

1.d4 d5 2.c4 c6 3.Nc3 Nf6 4.Nf3 dxc4 5.a4 Bf5 6.e3 e6 7.Bxc4 Bb4 8.O-O O-O
9.Qe2 Bg6 10.Ne5 Nbd7 11.Nxg6 hxg6 12.Rd1 Qa5 13.Bd2 Rad8 14.Be1 Nb6 15.Bb3 e5
16.Qc2 exd4 17.exd4 Nbd5 18.Qd3 Rfe8 19.Bd2 Re7 20.h4 Rde8 21.Qf3 Bxc3 22.Bxc3 Qc7
23.Re1 Rxe1+ 24.Rxe1 Rxe1+ 25.Bxe1 Qe7 26.Kf1 Ne4 27.g3 Qe6 28.Bc2 Ndf6 29.Bb3 Nd5
30.Bc2 Ndf6 31.Bb3 Qh3+ 32.Ke2 Qd7 33.Qd3 Qg4+ 34.Qf3 Qd7 35.Qd3 Qe7 36.Kf1 Nd5
37.Qf3 Qe6 38.Bc2 Ndf6  1/2-1/2

[Event "Stockholm"]
[Site "Stockholm"]
[Date "1990.??.??"]
[Round "?"]
[White "Gausel, Einar"]
[Black "Wessman, Richard"]
[Result "1/2-1/2"]
[WhiteElo "2460"]
[BlackElo "2500"]

1.d4 d5 2.c4 c6 3.Nf3 Nf6 4.Nc3 dxc4 5.a4 Bf5 6.e3 e6 7.Bxc4 Bb4 8.O-O O-O
9.Qe2 Bg6 10.Ne5 Nbd7 11.Nxg6 hxg6 12.Rd1 Qc7 13.Bd2 e5 14.d5 Nb6 15.dxc6 bxc6
16.Bb3 Qe7 17.Qf3 Bxc3 18.bxc3 Nbd5  1/2-1/2

[Event "Stockholm"]
[Site "Stockholm"]
[Date "1990.??.??"]
[Round "?"]
[White "Johansson, Jan"]
[Black "Wessman, Richard"]
[Result "1-0"]
[WhiteElo "2460"]
[BlackElo "2500"]

1.d4 d5 2.Nf3 c6 3.c4 Nf6 4.Nc3 dxc4 5.a4 Bf5 6.e3 e6 7.Bxc4 Bb4 8.O-O O-O
9.Qe2 Bg6 10.Rd1 Nbd7 11.Bd2 a5 12.Rac1 Qe7 13.Qe1 e5 14.Ne2 Bxd2 15.Qxd2 Ne4
16.Qe1 Bh5 17.Ng3 Bxf3 18.gxf3 Ng5 19.Qe2 exd4 20.f4 Ne6 21.Nf5 Qf6 22.Nxd4 Nb6
23.Bb3 Rad8 24.Nxe6 fxe6 25.Qg4 Nd5 26.Rc2 Kh8 27.Rcd2 Rde8 28.Kh1 Qe7 29.Rg1 Rf6
30.Bc2 Rh6 31.Qg5 Qf7 32.Qe5 Rh5 33.Rg5 Rxg5 34.Qxg5 Rf8 35.Rd1 g6 36.Qh6 Qg7
37.Qxg7+ Kxg7 38.Kg2 Kf6 39.h4 e5 40.Kf3 exf4 41.e4 Nb4 42.Bb3 Ke7 43.Bc4 c5
44.e5 Nc6 45.Rd5 Rf5 46.Ke4 f3 47.Rxc5 Rh5 48.Bb3 Rxh4+ 49.Kxf3 h5 50.Ke3 Rh3+
51.f3 g5 52.Rb5 Nd8 53.Ke4 h4 54.Rb6 Rh1 55.Kf5 Re1 56.Rh6 Nc6 57.Rh7+ Kd8
58.e6 Re3 59.Kxg5 Rxf3 60.Rxb7 h3  1-0